000 00472nam a22001692 4500
001 0000006112
005 20170406121236.0
008 151117s xx 000 0 eng d
020 _c$
040 _aYour Holding Symbol
_cYour Holding Symbol
245 1 2 _aA PEOPLE'S GUIDE TO THE AGREEMENT.
250 _a ed.
260 _aSouth Africa :
_bFingerprint,
_c2009.
300 _a60 p. :
_bill ;
_c cm.
650 0 _apeople;s agreement.
908 _a151117
999 _c5867
_d5867